Geography Quiz

Random Geography or State Quiz

Which Pacific State? Quiz Stats

 Plays Quiz Updated Jun 23, 2017

Support Sporcle.
Go Orange.
Score 0/12 Timer 03:00
3 Plays Today
Question Answer Wrong Answers
Which state is the most populous? California
98.1%
Hawaii
0.7%
Oregon
0.3%
Washington
0.9%
Which state is the largest by area? Alaska
89.4%
California
8.1%
Oregon
0.5%
Washington
0.8%
Which state starts with the same letter as its capital? Hawaii
82.7%
California
0.9%
Alaska
11.4%
Oregon
2.2%
Which state has the longest coastline? Alaska
70.4%
Hawaii
5%
California
22%
Washington
0.6%
Which state's capital is also its most populous city? Hawaii
66.8%
Alaska
12.1%
Washington
9.6%
Oregon
5.7%
Which state has the highest mountain? Alaska
66.5%
California
4.2%
Hawaii
7.7%
Washington
18.3%
Which state contains the largest island? Hawaii
63.9%
Alaska
32.5%
Washington
2.5%
California
0.9%
Which state contains the largest capital by population? California
63.1%
Hawaii
16.5%
Oregon
3.7%
Washington
12.9%
Which state has the smallest population? Alaska
54.9%
Hawaii
28%
Oregon
9.3%
Washington
1.7%
Which state contains the largest capital by area? Alaska
48.4%
California
25.1%
Oregon
12.2%
Hawaii
10%
Which state has fewer than two national parks? Oregon
43%
Washington
12.3%
Alaska
8.9%
Hawaii
30.6%
Which state is the most densely populated? California
36.8%
Hawaii
48.7%
Washington
5.7%
Oregon
4%

You're not logged in!

Compare scores with friends on all Sporcle quizzes.
OR
Log In
Forgot?

From the Vault

NBA #1 Draft Picks (1990s)

by minshkins

When Shaq goes to a restaurant, does he order the Shaquille O'Veal?
Remove Ads.
Support Sporcle.
Get the best of Sporcle when you Go Orange. This ad-free experience offers more features, more stats, and more fun while also helping to support Sporcle. Thank you for becoming a member.

Show Comments

Extras

Top Quizzes Today


Score Distribution

Your Account Isn't Verified!

In order to create a playlist on Sporcle, you need to verify the email address you used during registration. Go to your Sporcle Settings to finish the process.

Report this User

Report this user for behavior that violates our Community Guidelines.

Details: